|
|
|
|
| LEADER |
00000nab a2200000 ar4500 |
| 001 |
vtls009167925 |
| 003 |
SK-MaSNL |
| 005 |
20260303195129.0 |
| 008 |
071217c2007 xo wr|p|||||||000 b|slo |
| 015 |
|
|
|a SNBRB2007/12
|2 snkbucl
|
| 040 |
|
|
|a SNKBUCL
|b slo
|c SNKBUCL
|e AACR2
|
| 041 |
0 |
|
|a slo
|
| 044 |
|
|
|a xo
|c SK
|
| 080 |
|
|
|a 616.921.5
|2 2001
|
| 080 |
|
|
|a 615.371
|2 2001
|
| 080 |
|
|
|a 614.47
|2 2001
|
| 100 |
1 |
|
|a Pavlík, Radovan
|4 ivr
|4 aut
|9 764267
|
| 245 |
1 |
0 |
|a Beran: Do troch rokov sa určite niečo stane
|b je vypuknutie pandemickej chrípky reálnou hrozbozu, alebo ...
|c Radovan Pavlík, Jiří Beran
|
| 300 |
|
|
|b Fotogr.
|
| 500 |
|
|
|a Do č. 5 vychádzalo periodikum ako Domino fórum
|
| 650 |
0 |
7 |
|a chrípka
|2 snkbucl
|9 2491
|
| 650 |
0 |
7 |
|a vakcinácia
|2 snkbucl
|9 2552
|
| 700 |
1 |
|
|a Beran, Jiří,
|d 1960-
|4 ive
|4 aut
|9 232648
|
| 773 |
0 |
|
|t Domino efekt
|g Roč. XVI, č. 42 (2007), s. 16-19
|x 1335-4426
|
| 852 |
|
|
|a SNK
|b KIS3GCP
|
| 958 |
|
|
|a MI
|
| 999 |
|
|
|c 2161077
|d 2163007
|